|
|
|
|
| LEADER |
00947nam a2200241 a 4500 |
| 001 |
c000387508 |
| 003 |
CARM |
| 005 |
00000000000000.0 |
| 008 |
890117s1988 nz a f001 0 eng d |
| 019 |
1 |
|
|a 6043766
|5 LACONCORD2021
|
| 035 |
|
|
|a (OCoLC)220382778
|5 LACONCORD2021
|
| 040 |
|
|
|a ADE
|c ADE
|d SCAE
|
| 043 |
|
|
|a u-nz---
|
| 082 |
0 |
4 |
|a 371.2/009931
|2 20
|
| 100 |
1 |
|
|a Lange, David,
|d 1942-
|
| 245 |
1 |
0 |
|a Tomorrow's schools :
|b the reform of education administration in New Zealand /
|c David Lange, Minister for Education.
|
| 260 |
|
|
|a [Wellington, N.Z. :
|b Govt. Pr.] ;
|c 1988.
|
| 300 |
|
|
|a vi, 45 p. :
|b ill. ;
|c 24 cm.
|
| 500 |
|
|
|a Includes index.
|
| 650 |
|
0 |
|a School management and organization
|z New Zealand.
|
| 852 |
8 |
|
|b CARM
|h A3:AI11E0
|i C12520
|p 0477775
|f BK
|
| 999 |
f |
f |
|i 1985734e-2da9-52b6-80b3-60baaab1cd55
|s d41c31e7-97e1-5a52-8aa2-8b14932e6370
|
| 952 |
f |
f |
|p Can circulate
|a CAVAL
|b CAVAL
|c CAVAL
|d CARM 1 Store
|e C12520
|f A3:AI11E0
|h Other scheme
|i book
|m 0477775
|